000 01119nam0a22003251 4500
001 v19\rc\1291397
005 20060306185308.8
035 _a(NLR Aleph) 004453826
090 _a4485837
_c4485837
100 _a20060306e18571857|||y0rusy50 ca
101 0 _arus
102 _aRU
105 _ay z |||||
200 1 _aПравила о мирской вспомогательной сумме
_fС.Ш.
210 _aМосква
_cУнив. тип.
_d1857
215 _a7 с.
_d21
300 _aВ конце текста авт.: С.Ш.; раскрыт в огл. Журн. сел. хоз-ва
309 _aБез тит. л. и обл.
311 _aИз "Журн. сел. хоз-ва", 1857 г., № 9
488 0 _12001#$aЖурнал сельского хозяйства$v1857, № 9
700 1 _aШипов
_bС. П.
_f1790-1876
_gСергей Павлович
790 0 _aС.Ш.
_f1790-1876
801 0 _aRU
_bNLR
_gpsbo
801 0 _aRU
_bRuMoRGB
_2psbo
801 1 _aRU
_bProSoft-M
_2rusmarc
852 _aNLR
_j18.76.1.136
899 _aБАН
899 _aНБ СПбГУ
942 _cBOOK
980 _aNB